000
00330nam a2200145Ia 4500
003
OSt
005
20231123070357.0
008
170524s9999 xx 000 0 und d
020
_a
81-317-0157-3
040
_c
IIMT
100
_a
ROBBINS- SP
245
0
_a
FUNDAMENTALS OF MANAGEMENT
260
_b
CONCEPT PUB. CO.
942
_2
ddc
_c
02
999
_c
8051
_d
8051